000 00477nam a2200157 a 4500
001 BRCA_8810
005 20190320210424.0
008 240417s--------sp-#######---#000-0#spa-#
041 _alat
084 _aBE191
245 1 0 _aSin portada
300 _aVIII, 395 p. (t.4)
_c21.2 x 15 cm
500 _aEstado físico: presenta encuadernación en pergamino, con hojas rotas, lomo semi desprendido, presencia del pez de plata y carece de portada
902 _aCFM
942 _2lcc
_cB
999 _c8461
_d8461